书目信息 |
| 题名: |
智慧的力量
|
|
| 作者: | 殷旵 著 | |
| 分册: | ||
| 出版信息: | 兰州 甘肃文化出版社 2004.02 |
|
| 页数: | 14, 334页, [2] 页图版 | |
| 开本: | 21cm | |
| 丛书名: | ||
| 单 册: | ||
| 中图分类: | B821 | |
| 科图分类: | ||
| 主题词: | 人生哲学--ren sheng zhe xue--通俗读物 | |
| 电子资源: | ||
| ISBN: | 7-80608-913-6 | |
| 000 | 00817nam0 2200241 450 | |
| 001 | 012007424823 | |
| 005 | 20070924165102.03 | |
| 010 | @a7-80608-913-6@dCNY24.60 | |
| 100 | @a20070816d2004 km y0chiy0120 ea | |
| 101 | 0 | @achi |
| 102 | @aCN@b620000 | |
| 105 | @aaf z 000yy | |
| 200 | 1 | @a智慧的力量@Azhi hui de li liang@f殷旵著@Fyin chan zhu |
| 210 | @a兰州@c甘肃文化出版社@d2004.02 | |
| 215 | @a14, 334页, [2] 页图版@c图@d21cm | |
| 312 | @a英文并列题名取自封面。 | |
| 330 | @a本书是讲演稿,分为27章,运用老子的无为,孔子的中庸,易学的中正,禅宗的公案,以及西方哲学个案,叙述有关把知识变为智慧,把智慧化为力量的思想。 | |
| 510 | 1 | @aPower of wisdom@zeng |
| 606 | 0 | @a人生哲学@Aren sheng zhe xue@j通俗读物 |
| 690 | @aB821@v4 | |
| 701 | 0 | @a殷旵@Ayin chan@4著 |
| 801 | 0 | @aCN@c20070924 |
| 905 | @dB821@eY579 | |
| 智慧的力量/殷旵著.-兰州:甘肃文化出版社,2004.02 |
| 14, 334页, [2] 页图版:图;21cm |
| ISBN 7-80608-913-6:CNY24.60 |
| 本书是讲演稿,分为27章,运用老子的无为,孔子的中庸,易学的中正,禅宗的公案,以及西方哲学个案,叙述有关把知识变为智慧,把智慧化为力量的思想。 |
| ● |
| 相关链接 |
|
|
|
正题名:智慧的力量
索取号:B821/Y579
 
预约/预借
| 序号 | 登录号 | 条形码 | 馆藏地/架位号 | 状态 | 备注 |
| 1 | 259102 | 202591025 | 社科库509/509社科库 23排4列2层/ [索取号:B821/Y579] | 在馆 | |
| 2 | 259103 | 202591034 | 社科库509/509社科库 23排4列2层/ [索取号:B821/Y579] | 在馆 | |
| 3 | 259104 | 202591043 | 社科库509/422社科库 45排4列2层/ [索取号:B821/Y579] | 在馆 |